Catálogo público

Annales Agriculturae Fenniae (Record no. 77769)

MARC details
000 -CABECERA
campo de control de longitud fija 01016cas a22003017a 4500
005 - FECHA Y HORA DE LA ÚLTIMA TRANSACCIÓN
campo de control 20220329142046.0
008 - DATOS DE LONGITUD FIJA--INFORMACIÓN GENERAL
campo de control de longitud fija 990507d1962 fi qr pernn 0 uub1eng d
010 ## - NÚMERO DE CONTROL DE LA BIBLIOTECA DEL CONGRESO
Número de control de LC 77769
011 ## - ENLACE DEL NUMERO DE CONTROL DE LA BIBLIOTECA DEL CONGRESO [OBSOLETO]
Número de control de LC 78741
022 0# - NÚMERO INTERNACIONAL NORMALIZADO PARA PUBLICACIONES SERIADAS
Número Internacional Normalizado para Publicaciones Seriadas 0570-1538
035 ## - NÚMERO DE CONTROL DEL SISTEMA
Número de control de sistema 88792
245 00 - MENCIÓN DE TÍTULO
Título Annales Agriculturae Fenniae
Mención de responsabilidad, etc. /by Agricultural Research Center
260 0# - PUBLICACIÓN, DISTRIBUCIÓN, ETC.
Lugar de publicación, distribución, etc. Jokioinen, Finland :
Nombre del editor, distribuidor, etc. Agricultural Research Center,
Fecha de publicación, distribución, etc. 1962-.
300 ## - DESCRIPCIÓN FÍSICA
Extensión v.
310 ## - PERIODICIDAD ACTUAL
Periodicidad actual Trimestral
362 ## - FECHAS DE PUBLICACIÓN Y/O DESIGNACIÓN SECUENCIAL
Fecha de publicación y/o designación secuencial v.22 n.1,1983.
500 ## - NOTA GENERAL
Nota general Se dejó de recibir a partir del v.22 n.4,1983.
590 ## - NOTA LOCAL (RLIN)
Nota local BATCH-UPD
Procedencia (VM) [OBSOLETO] 10
Condición del los carretes individuales (VM) [OBSOLETO] 20130110
-- UCH01
-- 2356
590 ## - NOTA LOCAL (RLIN)
Nota local BATCH-UPD
Procedencia (VM) [OBSOLETO] 10
Condición del los carretes individuales (VM) [OBSOLETO] 20130410
-- UCH01
-- 1643
590 ## - NOTA LOCAL (RLIN)
Nota local CONVERSION
Procedencia (VM) [OBSOLETO] 10
Condición del los carretes individuales (VM) [OBSOLETO] 20130109
-- UCH01
-- 1343
650 14 - PUNTO DE ACCESO ADICIONAL DE MATERIA--TÉRMINO DE MATERIA
Término de materia o nombre geográfico como elemento de entrada Agricultura
Subdivisión general Investigacion
-- Publicaciones periodicas.
9 (RLIN) 1661
866 ## - MENCIÓN TEXTUAL DE FONDOS--UNIDAD BIBLIOGRÁFICA BÁSICA
Cadena textual v.1 n.1-3 (1962)
866 ## - MENCIÓN TEXTUAL DE FONDOS--UNIDAD BIBLIOGRÁFICA BÁSICA
Cadena textual v.14 n.1-v.18 n.4 (1975-1979)
866 ## - MENCIÓN TEXTUAL DE FONDOS--UNIDAD BIBLIOGRÁFICA BÁSICA
Cadena textual v.19 n.3-v.22 n.4 (1980-1983)
866 ## - MENCIÓN TEXTUAL DE FONDOS--UNIDAD BIBLIOGRÁFICA BÁSICA
Cadena textual v.2 n.1-v.13 n.1 (1963-1974)
901 ## - ELEMENTOS DE DATOS A LOCAL LDA (RLIN)
a SE
905 ## - ELEMENTOS DE DATOS E LOCAL, LDE (RLIN)
a Ma. del Socorro Iturbe C.

No items available.